Provinces of Turkey in 90 seconds - Statistics

General Stats
  • This quiz has been taken 908 times
  • The average score is 34 of 81
Answers on the Map
Answers color-coded by a green-red scale on the quiz's map according to % correct below.
 
Answer Stats
Şehir % Correct
Ankara
94%
Istanbul
94%
İzmir
86%
Antalya
83%
Edirne
77%
Konya
74%
Adana
73%
Bursa
69%
Çanakkale
64%
Tekirdağ
62%
Trabzon
61%
Hatay
58%
Mersin
58%
Gaziantep
55%
Kırklareli
54%
Muğla
54%
Van
53%
Aydın
52%
Balıkesir
52%
Yalova
51%
Kocaeli
49%
Eskişehir
48%
Samsun
47%
Şanlıurfa
47%
Sinop
47%
Afyonkarahisar
44%
Denizli
44%
Kayseri
44%
Manisa
43%
Rize
43%
Sakarya
43%
Bolu
42%
Burdur
42%
Düzce
42%
Erzurum
42%
Diyarbakır
40%
Kahramanmaraş
40%
Karaman
40%
Muş
40%
Batman
38%
Ordu
38%
Sivas
38%
Isparta
37%
Kırıkkale
37%
Mardin
37%
Ağrı
35%
Artvin
35%
Bilecik
35%
Giresun
35%
Hakkâri
35%
Kilis
35%
Kastamonu
34%
Kütahya
34%
Adıyaman
33%
Ardahan
33%
Osmaniye
33%
Zonguldak
33%
Bartın
32%
Kars
32%
Amasya
31%
Malatya
31%
Uşak
31%
Çankırı
30%
Erzincan
30%
Iğdır
30%
Nevşehir
29%
Çorum
28%
Karabük
28%
Kırşehir
28%
Şırnak
27%
Elazığ
26%
Siirt
26%
Yozgat
25%
Tokat
24%
Aksaray
23%
Bayburt
23%
Bitlis
23%
Gümüşhane
22%
Bingöl
21%
Niğde
20%
Tunceli
19%
No matching quizzes found
Score Distribution
Percent of People with Each Score
Percentile by Number Answered
Your Score History
You have not taken this quiz